Polytechnisches Wörterbuch : Englisch-Deutsch /

Uložené v:
Podrobná bibliografia
Hlavný autor: Angelé, Hans-Peter (Author)
Ďalší autori: Walther, Rudolf (Editor)
Médium: Kniha
Jazyk:German
English
Vydané: Berlin : VEB Verlag Technik, 1973.
Vydanie:2. durchges. Aufl.
Edícia:Technik-Wörterbuch
ISBN: (viaz.)
Fyzický popis: 1248 s.
Tagy: Pridať tag
Žiadne tagy, Buďte prvý kto otaguje tento záznam!

MARC

LEADER 00000nam a2200000 a 4500
001 000143521
005 20101231181707.0
008 040101s1973 gw e gerod
020 |a (viaz.)  |c Kčs 160,00 
040 |a SVKKK  |b slo  |c SVKKK  |e AACR2 
041 0 |a ger  |a eng 
044 |a gw  |c DE 
100 1 |a Angelé, Hans-Peter.  |4 aut 
245 1 0 |a Polytechnisches Wörterbuch :  |b Englisch-Deutsch /  |c Hans-Peter Angelé ... [et al.] ; hg. Rudolf Walther. 
250 |a 2. durchges. Aufl. 
260 |a Berlin :  |b VEB Verlag Technik,  |c 1973. 
300 |a 1248 s. 
490 1 |a Technik-Wörterbuch 
700 0 |a Walther, Rudolf.  |4 edt 
830 0 |a Technik-Wörterbuch 
910 |a svkkk 
998 |a BK 
090 |g SCKHL  |k Sklad Pribinova 2. posch.  |a X0.11750  |j 048773  |i 2720357363  |s Absenčne